Operations and Quality Management (Record no. 18795)
[ view plain ]
| 000 -LEADER | |
|---|---|
| fixed length control field | 00466nam a22001817a 4500 |
| 005 - DATE AND TIME OF LATEST TRANSACTION | |
| control field | 20230622132958.0 |
| 008 - FIXED-LENGTH DATA ELEMENTS--GENERAL INFORMATION | |
| fixed length control field | 230622b |||||||| |||| 00| 0 eng d |
| 020 ## - INTERNATIONAL STANDARD BOOK NUMBER | |
| ISBN | 9781861523983 |
| 082 ## - DEWEY DECIMAL CLASSIFICATION NUMBER | |
| Classification number | 658.5 |
| Item number | HO-O |
| 100 ## - MAIN ENTRY--AUTHOR | |
| Author Name | Ho,Samuel K. M |
| 245 ## - TITLE STATEMENT | |
| Title | Operations and Quality Management |
| 260 ## - PUBLICATION, DISTRIBUTION, ETC. | |
| Place of Publication | UK |
| Name of publisher, distributor, etc. | International THomson Business Press |
| Date of publication, distribution, etc. | 1999 |
| 300 ## - PHYSICAL DESCRIPTION | |
| Pages | 323 |
| 500 ## - GENERAL NOTE | |
| General note | include index |
| 650 ## - SUBJECT ADDED ENTRY--TOPICAL TERM | |
| Subject / Department | Management |
| 700 ## - ADDED ENTRY--PERSONAL NAME | |
| Personal name | Samuel K. M.Ho |
| 952 ## - LOCATION AND ITEM INFORMATION (KOHA) | |
| -- | 0 |
| -- | 0 |
| Lost status | Damaged status | Permanent Location | Current Location | Shelving Location | Date acquired | Full Call Number | Accession No./Barcode | Date last seen | item type |
|---|---|---|---|---|---|---|---|---|---|
| Superior Information Resource Center (SIRC) Superior University- Central Library | Superior Information Resource Center (SIRC) Superior University- Central Library | Management | 06/22/2023 | 658.5 HO-O 1999 | 5048 | 06/22/2023 | BOOK |
